00330nam a2200133Ia 4500008004100000041000800041082001600049100001700065245005500082260001800137300000800155500001400163999001900177230725s1988 xx 000 0 und d aeng a615.119/GUP aGupta S, R.  aHand Book of MedicinbPHARMACOLOGY AND TOXICOLOGY bS.CHANDc1988 a744 aTEXT BOOK c757792d757792